[Event "2020 Australian Chess Championship"]
[Site "Sydney, Australia"]
[Date "2020.01.03"]
[Round "2.7"]
[White "Hu, Jason"]
[Black "Ng, Clive"]
[Result "1-0"]
[WhiteElo "2159"]
[BlackElo "2061"]

1. c4 {[%clk 01:30:53]} {[%emt 00:00:06]} Nf6 {[%clk 01:30:54]} {[%emt
00:00:06]} 2. Nc3 {[%clk 01:31:19]} {[%emt 00:00:04]} g6 {[%clk 01:31:19]}
{[%emt 00:00:05]} 3. e4 {[%clk 01:31:44]} {[%emt 00:00:05]} d6 {[%clk
01:31:36]} {[%emt 00:00:13]} 4. g3 {[%clk 01:32:01]} {[%emt 00:00:13]} Bg7
{[%clk 01:32:01]} {[%emt 00:00:06]} 5. Bg2 {[%clk 01:32:27]} {[%emt 00:00:04]}
O-O {[%clk 01:32:24]} {[%emt 00:00:07]} 6. Nge2 {[%clk 01:32:52]} {[%emt
00:00:03]} c5 {[%clk 01:32:48]} {[%emt 00:00:06]} 7. O-O {[%clk 01:33:17]}
{[%emt 00:00:05]} Nc6 {[%clk 01:33:15]} {[%emt 00:00:03]} 8. d3 {[%clk
01:33:23]} {[%emt 00:00:25]} a6 {[%clk 01:33:31]} {[%emt 00:00:14]} 9. f4
{[%clk 01:32:15]} {[%emt 00:01:38]} Ne8 {[%clk 01:30:39]} {[%emt 00:03:22]} 10.
f5 {[%clk 01:30:05]} {[%emt 00:02:40]} Rb8 {[%clk 01:27:52]} {[%emt 00:03:18]}
11. Bg5 {[%clk 01:29:15]} {[%emt 00:01:18]} h6 {[%clk 01:25:07]} {[%emt
00:03:16]} 12. Be3 {[%clk 01:27:03]} {[%emt 00:02:42]} b5 {[%clk 01:20:00]}
{[%emt 00:05:38]} 13. fxg6 {[%clk 01:09:45]} {[%emt 00:17:48]} fxg6 {[%clk
01:19:07]} {[%emt 00:01:23]} 14. Rxf8+ {[%clk 01:10:06]} {[%emt 00:00:09]} Bxf8
{[%clk 01:18:17]} {[%emt 00:01:19]} 15. cxb5 {[%clk 00:57:30]} {[%emt
00:13:06]} axb5 {[%clk 01:18:40]} {[%emt 00:00:08]} 16. d4 {[%clk 00:51:10]}
{[%emt 00:06:49]} b4 {[%clk 01:14:41]} {[%emt 00:04:30]} 17. Nd5 {[%clk
00:47:52]} {[%emt 00:03:47]} g5 {[%clk 01:14:59]} {[%emt 00:00:13]} 18. dxc5
{[%clk 00:46:34]} {[%emt 00:01:48]} e6 {[%clk 01:06:00]} {[%emt 00:09:29]} 19.
cxd6 {[%clk 00:36:08]} {[%emt 00:10:57]} Nxd6 {[%clk 00:55:47]} {[%emt
00:10:44]} 20. Bf2 {[%clk 00:27:26]} {[%emt 00:09:11]} Nc4 {[%clk 00:52:04]}
{[%emt 00:04:13]} 21. Ne3 {[%clk 00:23:59]} {[%emt 00:03:58]} Qxd1+ {[%clk
00:44:23]} {[%emt 00:08:12]} 22. Nxd1 {[%clk 00:24:16]} {[%emt 00:00:12]} Bg7
{[%clk 00:42:34]} {[%emt 00:02:20]} 23. Rc1 {[%clk 00:24:29]} {[%emt 00:00:17]}
N4e5 {[%clk 00:39:33]} {[%emt 00:03:31]} 24. b3 {[%clk 00:22:35]} {[%emt
00:02:24]} Ba6 {[%clk 00:39:07]} {[%emt 00:00:55]} 25. Rc2 {[%clk 00:14:20]}
{[%emt 00:08:45]} Rd8 {[%clk 00:33:41]} {[%emt 00:05:56]} 26. Nb2 {[%clk
00:14:11]} {[%emt 00:00:39]} Bb5 {[%clk 00:23:58]} {[%emt 00:16:59]} 27. Bf1
{[%clk 00:12:18]} Nf3+ {[%clk 00:16:08]} {[%emt 00:03:58]} 28. Kg2 {[%clk
00:06:25]} {[%emt 00:06:23]} Nd2 {[%clk 00:13:38]} {[%emt 00:03:00]} 29. Nc4
{[%clk 00:05:10]} {[%emt 00:01:45]} Nxe4 {[%clk 00:11:44]} {[%emt 00:02:24]} 30.
a4 {[%clk 00:05:20]} {[%emt 00:00:20]} Ba6 {[%clk 00:09:00]} {[%emt 00:03:14]}
31. Be3 {[%clk 00:03:33]} {[%emt 00:02:16]} Ne7 {[%clk 00:08:51]} {[%emt
00:00:39]} 32. Bb6 {[%clk 00:03:22]} {[%emt 00:00:41]} Rf8 {[%clk 00:06:33]}
{[%emt 00:02:47]} 33. Nd4 {[%clk 00:02:46]} {[%emt 00:01:05]} Bb7 {[%clk
00:06:08]} {[%emt 00:00:55]} 34. Kg1 {[%clk 00:02:54]} {[%emt 00:00:22]} Nd5
{[%clk 00:02:59]} {[%emt 00:03:40]} 35. Nxe6 {[%clk 00:02:11]} {[%emt
00:01:12]} Nxb6 {[%clk 00:03:24]} {[%emt 00:00:06]} 36. Nxb6 {[%clk 00:02:17]}
{[%emt 00:00:24]} Bc3 {[%clk 00:02:50]} {[%emt 00:01:04]} 37. Bc4 {[%clk
00:02:26]} {[%emt 00:00:21]} Rf7 {[%clk 00:01:11]} {[%emt 00:02:09]} 38. Nd8
{[%clk 00:01:03]} {[%emt 00:01:53]} Bd4+ {[%clk 00:01:35]} {[%emt 00:00:05]} 39.
Kg2 {[%clk 00:01:29]} {[%emt 00:00:04]} Nd6+ {[%clk 00:00:49]} {[%emt
00:01:17]} 40. Nxb7 {[%clk 00:01:53]} {[%emt 00:00:06]} Nxc4 {[%clk 00:01:12]}
{[%emt 00:00:07]} 41. Nxc4 {[%clk 00:00:46]} {[%emt 00:01:37]} Rxb7 {[%clk
00:01:30]} {[%emt 00:00:13]} 42. Nd6 {[%clk 00:00:40]} {[%emt 00:00:36]} Rb6
{[%clk 00:29:45]} {[%emt 00:02:15]} 43. Rc8+ {[%clk 00:28:41]} {[%emt
00:02:29]} Kh7 {[%clk 00:30:05]} {[%emt 00:00:10]} 44. Nf5 {[%clk 00:28:30]}
{[%emt 00:00:43]} Bc3 {[%clk 00:28:21]} {[%emt 00:02:12]} 45. Rc7+ {[%clk
00:27:09]} {[%emt 00:01:51]} Kh8 {[%clk 00:27:11]} {[%emt 00:01:39]} 46. Kf3
{[%clk 00:26:29]} {[%emt 00:01:10]} h5 {[%clk 00:24:59]} {[%emt 00:02:42]} 47.
h3 {[%clk 00:25:30]} {[%emt 00:01:29]} Re6 {[%clk 00:23:47]} {[%emt 00:01:42]}
48. g4 {[%clk 00:25:23]} {[%emt 00:00:38]} h4 {[%clk 00:24:11]} {[%emt
00:00:06]} 49. Re7 {[%clk 00:25:28]} {[%emt 00:00:25]} Rc6 {[%clk 00:24:11]}
{[%emt 00:00:29]} 50. Ke4 {[%clk 00:23:25]} {[%emt 00:02:33]} Rc5 {[%clk
00:21:14]} {[%emt 00:03:28]} 51. Nd6 {[%clk 00:22:20]} {[%emt 00:01:35]} Bf6
{[%clk 00:20:16]} {[%emt 00:01:28]} 52. Re8+ {[%clk 00:21:57]} {[%emt
00:00:53]} Kh7 {[%clk 00:19:37]} {[%emt 00:01:09]} 53. Nc4 {[%clk 00:22:08]}
{[%emt 00:00:20]} Kg6 {[%clk 00:19:16]} {[%emt 00:00:50]} 54. Rb8 {[%clk
00:22:24]} {[%emt 00:00:14]} Bc3 {[%clk 00:19:31]} {[%emt 00:00:15]} 55. a5
{[%clk 00:22:47]} {[%emt 00:00:08]} Rc7 {[%clk 00:17:36]} {[%emt 00:02:24]} 56.
a6 {[%clk 00:23:01]} {[%emt 00:00:17]} Rd7 {[%clk 00:15:40]} {[%emt 00:02:25]}
57. Rb6+ {[%clk 00:23:14]} {[%emt 00:00:16]} 1-0

[Event "2020 Australian Chess Championship"]
[Site "Sydney, Australia"]
[Date "2020.01.03"]
[Round "2.8"]
[White "Lo, Willis"]
[Black "O`chee, Kevin"]
[Result "0-1"]
[WhiteElo "2108"]
[BlackElo "2156"]

1. c4 {[%clk 01:30:57]} {[%emt 00:00:02]} Nf6 {[%clk 01:30:38]} {[%emt
00:00:23]} 2. g3 {[%clk 01:31:18]} {[%emt 00:00:08]} e6 {[%clk 01:30:05]}
{[%emt 00:01:03]} 3. Bg2 {[%clk 01:31:38]} {[%emt 00:00:10]} d5 {[%clk
01:30:20]} {[%emt 00:00:15]} 4. Nf3 {[%clk 01:32:01]} {[%emt 00:00:09]} Be7
{[%clk 01:30:16]} {[%emt 00:00:32]} 5. d4 {[%clk 01:32:20]} {[%emt 00:00:11]}
O-O {[%clk 01:29:54]} {[%emt 00:00:54]} 6. Nc3 {[%clk 01:32:36]} {[%emt
00:00:12]} b6 {[%clk 01:29:10]} {[%emt 00:01:14]} 7. cxd5 {[%clk 01:32:04]}
{[%emt 00:01:02]} exd5 {[%clk 01:29:14]} {[%emt 00:00:26]} 8. Ne5 {[%clk
01:30:21]} {[%emt 00:02:13]} Bb7 {[%clk 01:29:10]} {[%emt 00:00:34]} 9. Qa4
{[%clk 01:30:05]} {[%emt 00:00:47]} c5 {[%clk 01:27:11]} {[%emt 00:02:29]} 10.
dxc5 {[%clk 01:26:23]} {[%emt 00:04:11]} bxc5 {[%clk 01:27:00]} {[%emt
00:00:41]} 11. O-O {[%clk 01:26:06]} {[%emt 00:00:47]} Qb6 {[%clk 01:25:59]}
{[%emt 00:01:30]} 12. e3 {[%clk 01:26:01]} {[%emt 00:00:36]} Qe6 {[%clk
01:24:14]} {[%emt 00:02:15]} 13. Nd3 {[%clk 01:24:46]} {[%emt 00:01:45]} Rd8
{[%clk 01:18:02]} {[%emt 00:06:42]} 14. Nf4 {[%clk 01:22:07]} {[%emt 00:03:09]}
Qb6 {[%clk 01:14:20]} {[%emt 00:04:12]} 15. Rd1 {[%clk 01:18:34]} {[%emt
00:04:03]} Bc6 {[%clk 01:13:54]} {[%emt 00:00:55]} 16. Qb3 {[%clk 00:55:28]}
{[%emt 00:23:37]} Qxb3 {[%clk 01:09:41]} {[%emt 00:04:44]} 17. axb3 {[%clk
00:55:47]} {[%emt 00:00:11]} d4 {[%clk 01:09:10]} {[%emt 00:01:01]} 18. Nb5
{[%clk 00:49:53]} {[%emt 00:06:23]} Bxg2 {[%clk 01:07:04]} {[%emt 00:02:36]} 19.
Kxg2 {[%clk 00:50:08]} {[%emt 00:00:15]} Nc6 {[%clk 01:07:08]} {[%emt
00:00:27]} 20. Ra4 {[%clk 00:43:47]} {[%emt 00:06:52]} a6 {[%clk 01:00:32]}
{[%emt 00:07:05]} 21. Nc7 {[%clk 00:37:31]} {[%emt 00:06:45]} Ra7 {[%clk
00:58:51]} {[%emt 00:02:11]} 22. Nxa6 {[%clk 00:35:21]} {[%emt 00:02:41]} Rda8
{[%clk 00:57:17]} {[%emt 00:02:04]} 23. Nxc5 {[%clk 00:24:33]} {[%emt
00:11:17]} Bxc5 {[%clk 00:54:52]} {[%emt 00:02:55]} 24. Rc4 {[%clk 00:24:54]}
{[%emt 00:00:08]} Nd7 {[%clk 00:51:17]} {[%emt 00:04:05]} 25. Nd3 {[%clk
00:11:44]} {[%emt 00:13:40]} Na5 {[%clk 00:47:52]} {[%emt 00:03:55]} 26. Rxc5
{[%clk 00:11:30]} {[%emt 00:00:45]} Nxc5 {[%clk 00:48:07]} {[%emt 00:00:15]} 27.
Nxc5 {[%clk 00:11:52]} {[%emt 00:00:06]} dxe3 28. Bxe3 {[%clk 00:12:20]} h6
{[%clk 00:46:44]} {[%emt 00:01:27]} 29. b4 {[%clk 00:11:01]} {[%emt 00:01:49]}
Nc4 {[%clk 00:45:05]} {[%emt 00:02:09]} 30. Bd4 {[%clk 00:07:22]} {[%emt
00:04:09]} Rd8 {[%clk 00:42:19]} {[%emt 00:03:16]} 31. b5 {[%clk 00:07:44]}
{[%emt 00:00:09]} Rc7 {[%clk 00:34:36]} {[%emt 00:14:35]} 32. b4 {[%clk
00:07:23]} Rcc8 {[%clk 00:33:13]} 33. Nb3 {[%clk 00:06:41]} Rb8 {[%clk
00:32:23]} 34. Rc1 {[%clk 00:06:50]} Nd2 {[%clk 00:31:50]} {[%emt 00:00:17]} 35.
Na5 {[%clk 00:04:02]} {[%emt 00:03:18]} Rxb5 {[%clk 00:28:16]} {[%emt
00:04:05]} 36. Be3 {[%clk 00:03:46]} {[%emt 00:00:46]} Ne4 {[%clk 00:27:11]}
{[%emt 00:01:35]} 37. Nc6 {[%clk 00:03:14]} {[%emt 00:01:01]} Re8 {[%clk
00:27:07]} {[%emt 00:00:34]} 38. Rb1 {[%clk 00:02:57]} {[%emt 00:00:47]} Nc3
{[%clk 00:25:47]} {[%emt 00:01:50]} 39. Rb3 {[%clk 00:02:20]} {[%emt 00:01:05]}
Nd5 {[%clk 00:25:57]} {[%emt 00:00:21]} 40. Bc5 {[%clk 00:01:00]} {[%emt
00:01:50]} Rc8 {[%clk 00:24:34]} {[%emt 00:01:54]} 41. Nd4 {[%clk 00:26:39]}
{[%emt 00:04:50]} Rb7 {[%clk 00:54:35]} {[%emt 00:00:30]} 42. Kf3 {[%clk
00:25:56]} {[%emt 00:01:11]} Nf6 {[%clk 00:48:35]} {[%emt 00:06:31]} 43. Re3
{[%clk 00:21:44]} {[%emt 00:04:40]} Re8 {[%clk 00:47:03]} {[%emt 00:02:04]} 44.
Rxe8+ {[%clk 00:19:19]} {[%emt 00:02:55]} Nxe8 {[%clk 00:47:20]} {[%emt
00:00:13]} 45. Ke4 {[%clk 00:18:54]} {[%emt 00:00:53]} Nc7 {[%clk 00:40:51]}
{[%emt 00:07:01]} 46. Kd3 {[%clk 00:15:20]} {[%emt 00:04:04]} Ne6 {[%clk
00:40:11]} {[%emt 00:01:10]} 47. Kc4 {[%clk 00:14:43]} {[%emt 00:01:07]} Nxc5
{[%clk 00:38:44]} {[%emt 00:01:58]} 48. Kxc5 {[%clk 00:15:06]} {[%emt
00:00:06]} Kf8 {[%clk 00:38:50]} {[%emt 00:00:24]} 49. b5 {[%clk 00:14:31]}
{[%emt 00:01:05]} Ke8 {[%clk 00:38:53]} {[%emt 00:00:27]} 50. Kc6 {[%clk
00:13:54]} {[%emt 00:01:07]} Rd7 {[%clk 00:38:37]} {[%emt 00:00:46]} 51. Nf5
{[%clk 00:12:03]} {[%emt 00:02:22]} Rd2 {[%clk 00:37:09]} {[%emt 00:01:57]} 52.
b6 {[%clk 00:10:59]} {[%emt 00:01:34]} Rc2+ {[%clk 00:34:46]} {[%emt 00:02:53]}
53. Kd6 {[%clk 00:05:16]} {[%emt 00:06:13]} Rd2+ {[%clk 00:34:36]} {[%emt
00:00:40]} 54. Kc7 {[%clk 00:05:13]} {[%emt 00:00:32]} Rc2+ {[%clk 00:34:56]}
{[%emt 00:00:11]} 55. Kd6 {[%clk 00:01:58]} {[%emt 00:03:44]} Rd2+ {[%clk
00:35:03]} {[%emt 00:00:23]} 56. Kc7 {[%clk 00:01:37]} {[%emt 00:00:52]} Rc2+
{[%clk 00:35:27]} {[%emt 00:00:06]} 57. Kb8 {[%clk 00:01:47]} {[%emt 00:00:21]}
Rxf2 {[%clk 00:30:41]} {[%emt 00:05:15]} 58. Nd4 {[%clk 00:01:35]} {[%emt
00:00:42]} Kd7 {[%clk 00:29:46]} {[%emt 00:01:25]} 59. b7 {[%clk 00:01:45]}
{[%emt 00:00:20]} Rxh2 {[%clk 00:28:54]} {[%emt 00:01:22]} 60. Ka7 {[%clk
00:01:19]} {[%emt 00:00:56]} Ra2+ {[%clk 00:28:48]} {[%emt 00:00:36]} 61. Kb6
{[%clk 00:01:41]} {[%emt 00:00:09]} Rb2+ {[%clk 00:28:28]} {[%emt 00:00:50]} 62.
Nb5 {[%clk 00:02:06]} {[%emt 00:00:05]} Rxb5+ {[%clk 00:28:47]} {[%emt
00:00:11]} 63. Kxb5 {[%clk 00:02:32]} {[%emt 00:00:03]} Kc7 {[%clk 00:29:05]}
{[%emt 00:00:12]} 64. Kc5 {[%clk 00:02:22]} {[%emt 00:00:40]} h5 {[%clk
00:28:13]} {[%emt 00:01:23]} 65. Kd5 {[%clk 00:02:07]} {[%emt 00:00:45]} Kxb7
{[%clk 00:28:02]} {[%emt 00:00:40]} 66. Ke5 {[%clk 00:01:43]} {[%emt 00:00:54]}
Kc6 {[%clk 00:28:19]} {[%emt 00:00:13]} 67. Kf5 {[%clk 00:02:00]} {[%emt
00:00:14]} Kd5 {[%clk 00:28:27]} {[%emt 00:00:22]} 68. Kg5 {[%clk 00:02:25]}
{[%emt 00:00:05]} g6 {[%clk 00:28:46]} {[%emt 00:00:10]} 69. Kf6 {[%clk
00:02:50]} {[%emt 00:00:05]} Ke4 {[%clk 00:28:54]} {[%emt 00:00:22]} 70. Kxf7
{[%clk 00:03:00]} {[%emt 00:00:20]} g5 {[%clk 00:29:45]} {[%emt 00:00:08]} 71.
Kg6 {[%clk 00:03:56]} {[%emt 00:00:05]} h4 {[%clk 00:30:05]} {[%emt 00:00:10]}
0-1

[Event "2020 Australian Chess Championship"]
[Site "Sydney, Australia"]
[Date "2020.01.03"]
[Round "2.9"]
[White "Nakauchi, Gene"]
[Black "Bayaca, Sterling"]
[Result "1-0"]
[WhiteElo "2150"]
[BlackElo "1994"]

1. d4 {[%clk 01:30:59]} Nf6 {[%clk 01:31:00]} 2. c4 {[%clk 01:30:59]} g6 {[%clk
01:31:00]} 3. g3 {[%clk 01:30:59]} Bg7 {[%clk 01:31:00]} 4. Bg2 {[%clk
01:30:59]} c6 {[%clk 01:31:00]} 5. e4 {[%clk 01:30:59]} d6 {[%clk 01:31:00]} 6.
Nc3 {[%clk 01:30:59]} e5 {[%clk 01:31:00]} 7. Nf3 {[%clk 01:30:59]} Nbd7 {[%clk
01:31:00]} 8. O-O {[%clk 01:30:59]} O-O {[%clk 01:31:00]} 9. h3 {[%clk
01:30:59]} a6 {[%clk 01:31:00]} 10. a4 {[%clk 01:30:59]} a5 {[%clk 01:31:00]}
11. Be3 {[%clk 01:30:59]} h6 {[%clk 01:31:00]} 12. Qd2 {[%clk 01:30:59]} Kh7
{[%clk 01:31:00]} 13. Rad1 {[%clk 01:30:59]} Qc7 {[%clk 01:31:00]} 14. Nh2
{[%clk 01:30:59]} g5 {[%clk 01:31:00]} 15. f4 {[%clk 01:30:59]} gxf4 {[%clk
01:31:00]} 16. gxf4 {[%clk 01:30:59]} exd4 {[%clk 01:31:00]} 17. Bxd4 {[%clk
01:30:59]} Nb6 {[%clk 01:31:00]} 18. e5 {[%clk 01:30:59]} Nfd7 {[%clk
01:31:00]} 19. Be4+ {[%clk 01:30:59]} Kg8 {[%clk 01:31:00]} 20. exd6 {[%clk
01:30:59]} Bxd4+ {[%clk 01:31:00]} 21. Qxd4 {[%clk 01:30:59]} c5 {[%clk
01:31:00]} 22. Bh7+ {[%clk 01:30:59]} Kxh7 {[%clk 01:31:00]} 23. Qd3+ {[%clk
01:30:59]} 1-0

[Event "2020 Australian Chess Championship"]
[Site "Sydney, Australia"]
[Date "2020.01.03"]
[Round "2.10"]
[White "Kethro, Michael"]
[Black "Huynh, Arthur"]
[Result "1/2-1/2"]
[WhiteElo "2093"]
[BlackElo "2136"]

1. d4 Nf6 2. c4 e6 3. g3 Bb4+ 4. Bd2 Be7 5. Bg2 d5 6. Nf3 O-O 7. O-O Nbd7 8.
Qc2 c6 9. Rd1 b6 10. Bf4 Ba6 11. b3 Rc8 12. Nc3 dxc4 13. e4 Bb4 14. Nd2 Qe7 15.
Nxc4 Bxc4 16. bxc4 e5 17. dxe5 Nxe5 18. a3 Bc5 19. Na4 Nfg4 20. Nxc5 Qxc5 21.
h3 Nf6 22. Rdc1 Qe7 23. a4 Rfd8 24. c5 bxc5 25. Be3 c4 26. a5 c5 27. Rf1 Rd3 28.
Bf4 Rcd8 29. Bxe5 Qxe5 30. Qxc4 Qd4 31. Qxd4 R3xd4 32. Rfc1 c4 33. Bf1 Nxe4 34.
Rxc4 Rxc4 35. Bxc4 Kf8 36. Ra2 Nd6 37. Bd5 Rc8 38. a6 Rc5 39. Bf3 Ke7 40. Rb2
1/2-1/2